000 00543cam a22002291 4500
001 sa 63003378
003 DLC
005 20260227111941.0
008 940805s1962 ii 000 1 beno
010 _asa 63003378
025 _aPL480:I-B-170
035 _a(OCoLC)30890440
040 _aDLC
_cCU
_dCU
_dDLC
042 _apremarc
050 0 0 _aPK1718.M472
_bB3
100 1 _aMitra, Bimal,
_d1912-1991.
245 1 0 _aBasanta-pāpiẏā.
260 _c[1962]
300 _a119 p.
_c23 cm.
500 _aIn Bengali.
500 _aA novel.
999 _c55052
_d55052